| 000 | 00629nam a22001937a 4500 | ||
|---|---|---|---|
| 003 | OSt | ||
| 005 | 20151026104202.0 | ||
| 008 | 130610s2008 sp ||||| |||| 00| 0 spa d | ||
| 040 | _cCDMR | ||
| 245 | 0 | 0 |
_aPeriodisme social _b: el compromís de la informació : llibre d'estil _cServimedia ; autors, Lluís Miquel Belda García... [et al.] |
| 250 | _a5a ed. | ||
| 260 |
_aMadrid _bServimedia _c2008 |
||
| 300 | _a180 p. | ||
| 610 | 2 |
_93714 _aServimedia _vManuals d'estil |
|
| 650 | 0 | 4 |
_91890 _aAgències de notícies _vManuals d'estils |
| 700 | 1 |
_93713 _aBelda García, Lluís Miquel |
|
| 710 |
_93714 _aServimedia |
||
| 942 |
_2udc _cMON |
||
| 999 |
_c6423 _d6423 |
||